000 00298nam a22001337a 4500
008 181015b xxu||||| |||| 00| 0 eng d
020 _a9780618115235
041 _aeng
080 _23 ed
_a370
100 _a49
101 _aEDU
245 _aKeys For Writers
_cRaimers.a
942 _2udc
_cBK
999 _c49632
_d49632